[Event "Krakow op-B 28th"]
[Site "Krakow"]
[Date "2018.01.02"]
[Round "7"]
[White "Bachor, Tomasz"]
[Black "Kulesza, Andrzej"]
[Result "1/2-1/2"]
[WhiteElo "1926"]
[BlackElo "1812"]
[PlyCount "79"]
[EventDate "2017.12.27"]
[EventType "swiss"]
[EventRounds "9"]
[EventCountry "POL"]
[SourceTitle "CBM 182 Extra"]
[Source "ChessBase"]
[SourceDate "2018.02.23"]
[SourceVersion "1"]
[SourceVersionDate "2018.02.23"]
[SourceQuality "1"]

1. e4 d5 2. exd5 Qxd5 3. Nc3 Qd6 4. d4 Nf6 5. Nf3 c6 6. Be2 Bf5 7. 0-0 e6 8. Ne5 Be7 9. Bf4 Qd8 10. Qd2 Bg6 11. a3 0-0 12. Rfd1 Nbd7 13. Nxg6 hxg6 14. Bf3 Nb6 15. b3 Qd7 16. Ne4 Nxe4 17. Bxe4 Rfd8 18. c3 Bf6 19. Qc2 Qe7 20. h3 Nd5 21. Bxd5 Rxd5 22. b4 Rad8 23. Re1 b6 24. Be3 Qc7 25. Rad1 Rh5 26. Qc1 Be7 27. Bf4 Bd6 28. Bxd6 Qxd6 29. Qe3 Rd5 30. Rd2 Qd7 31. Rb2 Qd6 32. Rd2 a5 33. Rb1 axb4 34. axb4 Ra8 35. c4 Rh5 36. c5 Qc7 37. cxb6 Qxb6 38. Qc3 Rb5 39. Rc2 Rc8 40. Qc4 1/2-1/2

[Event "Krakow op-B 28th"]
[Site "Krakow"]
[Date "2017.12.27"]
[Round "1"]
[White "Bachor, Tomasz"]
[Black "Zaboklicki, Zbigniew"]
[Result "1/2-1/2"]
[WhiteElo "1926"]
[BlackElo "1728"]
[PlyCount "69"]
[EventDate "2017.12.27"]
[EventType "swiss"]
[EventRounds "9"]
[EventCountry "POL"]
[SourceTitle "CBM 182 Extra"]
[Source "ChessBase"]
[SourceDate "2018.02.23"]
[SourceVersion "1"]
[SourceVersionDate "2018.02.23"]
[SourceQuality "1"]

1. e4 c5 2. Nf3 Nc6 3. d4 cxd4 4. Nxd4 e6 5. Be3 a6 6. Bd3 Nge7 7. 0-0 g6 8. c3 Bg7 9. Nd2 d5 10. N2b3 0-0 11. a4 Ne5 12. a5 Nxd3 13. Qxd3 dxe4 14. Qxe4 Nd5 15. Rfd1 Qc7 16. Nf3 Nxe3 17. Qxe3 Bd7 18. Qb6 Rac8 19. Rd6 Bc6 20. Rad1 Qxb6 21. axb6 Ba4 22. Nfd2 Be5 23. Rd3 Rc6 24. Ra1 Bxb3 25. Nxb3 Rxb6 26. Nc5 Rb5 27. b4 Rc8 28. Re1 Bg7 29. g3 a5 30. Red1 h6 31. Ne4 Rd5 32. Rxd5 exd5 33. Rxd5 Rc4 34. Rd8+ Kh7 35. Nd6 1/2-1/2

[Event "POL-chT U20"]
[Site "Szczyrk"]
[Date "2017.07.25"]
[Round "4.16"]
[White "Czarniecki, Pawel"]
[Black "Bachor, Tomasz"]
[Result "0-1"]
[WhiteElo "1267"]
[BlackElo "1898"]
[PlyCount "102"]
[EventDate "2017.07.22"]
[EventType "team-tourn"]
[EventRounds "9"]
[EventCountry "POL"]
[SourceTitle "EXT 2019"]
[Source "ChessBase"]
[SourceDate "2018.10.10"]
[SourceVersion "1"]
[SourceVersionDate "2018.10.10"]
[SourceQuality "1"]

1. e4 c5 2. Nf3 e6 3. d4 cxd4 4. Nxd4 a6 5. Bd3 Nf6 6. 0-0 Qc7 7. Qe2 d6 8. Nc3 Nbd7 9. Kh1 Be7 10. f4 b5 11. a3 Bb7 12. Bd2 0-0 13. Rae1 Rac8 14. e5 dxe5 15. fxe5 Nd5 16. Nxd5 Bxd5 17. Bc3 Qb7 18. Be4 Bxe4 19. Qxe4 Qxe4 20. Rxe4 Nc5 21. Re2 Na4 22. Re3 Bxa3 23. bxa3 Nxc3 24. h3 Nd5 25. Ref3 Rc3 26. R3f2 Ne3 27. Rf3 Rd8 28. Ne2 Rxa3 29. Re1 Nxc2 30. Rxa3 Nxa3 31. Ra1 b4 32. Rc1 b3 33. Nc3 b2 34. Re1 Rc8 35. Rd1 h6 36. Na2 b1Q 37. Rxb1 Nxb1 38. Nb4 a5 39. Na6 a4 40. Nb4 a3 41. Kh2 Nc3 42. Nc2 a2 43. Na1 Ne2 44. Nb3 Nd4 45. Nxd4 a1Q 46. Nf3 Rc3 47. Ng1 Qe1 48. Nf3 Qf2 49. Kh1 Qg3 50. Ng1 Rc1 51. h4 Qxh4# 0-1

[Event "POL Olympiad U14"]
[Site "Drzonkow"]
[Date "2017.04.06"]
[Round "7"]
[White "Panek, Bartosz"]
[Black "Bachor, Tomasz"]
[Result "0-1"]
[WhiteElo "1614"]
[BlackElo "1833"]
[PlyCount "120"]
[EventDate "2017.04.02"]
[EventType "swiss"]
[EventRounds "9"]
[EventCountry "POL"]
[SourceTitle "EXT 2020"]
[Source "ChessBase"]
[SourceDate "2019.10.17"]
[SourceVersion "1"]
[SourceVersionDate "2019.10.17"]
[SourceQuality "1"]

1. e4 c5 2. a3 e6 3. b4 cxb4 4. axb4 Bxb4 5. Bb2 Nf6 6. e5 Nd5 7. c4 Nb6 8. Qg4 g6 9. Nf3 Na6 10. Ba3 d6 11. Bb2 d5 12. cxd5 Nxd5 13. Bc4 Nac7 14. 0-0 Bd7 15. Na3 Bc5 16. d4 Be7 17. Bc1 h5 18. Qg3 Bc6 19. Ng5 a6 20. Bd3 Rg8 21. Nc4 Nb5 22. Ne4 Nb4 23. Ba3 Qxd4 24. Bxb4 Bxe4 25. Bxe4 Qxe4 26. Bxe7 Qxc4 27. Bd6 Rd8 28. Rac1 Qg4 29. Qb3 h4 30. h3 Qe4 31. Rfe1 Qd5 32. Qxd5 exd5 33. Red1 Nxd6 34. exd6 Rxd6 35. Rc7 b5 36. Rc8+ Rd8 37. Rc6 g5 38. Rxa6 Rg6 39. Re1+ Kf8 40. Rxg6 fxg6 41. Rb1 Rb8 42. Rd1 b4 43. Rxd5 b3 44. Rd1 b2 45. Rb1 Ke7 46. Kf1 Kd6 47. Ke2 Rb3 48. Kd2 Kc5 49. Kc2 Kc4 50. f3 Rb6 51. Rxb2 Rxb2+ 52. Kxb2 Kd3 53. Kc1 Ke2 54. Kc2 Kf2 55. Kd2 Kxg2 56. Ke2 Kxh3 57. Kf2 g4 58. fxg4 Kxg4 59. Kg2 Kf4 60. Kh3 g5 0-1